| 000 | 00887cab a2200265 4500 | ||
|---|---|---|---|
| 001 | WB3109-50 | ||
| 008 | 090401t1995 xxu||||| |||| 00| 0 eng d | ||
| 035 | _a(Sirsi) u15719 | ||
| 041 | _aeng | ||
| 245 | _aValuers should appeal to HL | ||
| 260 | _c1995 | ||
| 350 | _a0 | ||
| 490 |
_aProperty Week _v50(9) 2 March 1995, 8(1) |
||
| 520 | _aThe RICS wants valuers held liable for losses suffered by the lender, including losses caused by a fall in the market, to appeal to the HL. "Banque Bruxelles Lambert SA v Eagle Star Insurance Co Ltd and others" (See WB3108-43). | ||
| 650 | _aDAMAGES | ||
| 650 | _aFALL IN THE MARKET | ||
| 650 | _aLENDERS | ||
| 650 | _aNEGLIGENCE | ||
| 650 | _aOVERVALUATION | ||
| 650 |
_aValuation _96273 |
||
| 690 | _aMANAGEMENT-BUSINESS MANAGEMENT-PROFESSIONAL PRACTICE | ||
| 690 | _aRATING AND VALUATION | ||
| 942 | _n0 | ||
| 948 | _c04/03/1997 | ||
| 999 |
_c10333 _d10333 |
||